[Jazyk a politika. Na pomedzí lingvistiky a politológie]
Recenzia na zborník, ktorý je výstupom medzinárodnej vedeckej konferencie, ktorá sa konala na Fakulte aplikovaných jazykov Ekonomickej univerzity v Bratislave v dňoch 23.júna 2016.
Salvato in:
| Autore principale: | |
|---|---|
| Natura: | Capitolo di libro |
| Lingua: | slovacco |
| Soggetti: | |
| Tags: |
Nessun Tag, puoi essere il primo ad aggiungerne!!
|
MARC
| LEADER | 00000nla a2200000 4500 | ||
|---|---|---|---|
| 001 | 0226196 | ||
| 005 | 20240502073721.2 | ||
| 041 | 0 | |a slo | |
| 044 | |a SK | ||
| 245 | 1 | 0 | |a [Jazyk a politika. Na pomedzí lingvistiky a politológie] |c Eva Stradiotová |
| 520 | |a Recenzia na zborník, ktorý je výstupom medzinárodnej vedeckej konferencie, ktorá sa konala na Fakulte aplikovaných jazykov Ekonomickej univerzity v Bratislave v dňoch 23.júna 2016. | ||
| 610 | 2 | 0 | |a recenzie |
| 610 | 2 | 0 | |a konferencie |
| 610 | 2 | 0 | |a jazyky cudzie |
| 100 | 1 | |a Stradiotová, Eva, 1963- | |